The Next Step - Finish the lyric - Statistics

General Stats
  • This quiz has been taken 124 times
  • The average score is 9 of 15
Answer Stats
Question Answer % Correct
Rivalry - " If you want a rivalry, check yourself...." " before you start a war "
90%
Hold on to me - " If I hold onto you, will you hold on to me, and if its true, love will.... " " set us free "
85%
Oxygen ( male vocalist ) - "Ohhh i just can't.... " " Complain "
75%
Stand up - " We, we are going to show the world, everything we're made of, we're..." " gonna tare the roof of this place "
75%
Work - " This is where we got started, this...." " is why we're still together here "
70%
Even when we're gone - " stay just for a while, just cause we're here, just for this one last....." " moment "
70%
Fire - " I close my eyes I built these walls, I built them 10 feet wide and... " " 20 feet tall "
65%
Love what you do - " love what you do, love what you do, every single moment is all that..... " " we've been waiting for "
60%
All we need - " all we need is some.... " " British rock and roll "
55%
President - " Cause I'm the president, you can.... " " call me the captain "
55%
Shining lights- " all the lights, all the..." " Sounds "
55%
Rubber band - " lost in the middle of the usual, life creeps up....." " and hands you a lemon soda "
25%
Unsinkable - " can you hear the sirens off in the distance, going outside seems so.... " " Cold and weak "
25%
Rome - " I feel like I woke up in Rome but my surroundings are the same its just the..." " perspective in my mind is different "
25%
Dangerous - " don't be so precious, don't be to..... " " careful "
20%
No matching quizzes found
Score Distribution
Percent of People with Each Score
Percentile by Number Answered
Your Score History
You have not taken this quiz